Histoire du cinéma : le cinéma parlant /

Gardado en:
Detalles Bibliográficos
Autor Principal: Bardèche, Maurice (autor)
Outros autores: Brasillach, Robert (autor) (autor)
Formato: Libro
Idioma:francés
Publicado: París, Francia : Les Sept Couleurs, 1964, c1964
Series:(Le Livre de Poche Les Sept Couleurs ; 1221, 1222)
Temas:
Etiquetas: Engadir etiqueta
Sen Etiquetas, Sexa o primeiro en etiquetar este rexistro!

MARC

LEADER 00000nam^a2200000^a^4500
001 000019854
005 20250521000000.0
009 20260310084314.545
037 |a Acervo ITESO - Biblioteca 
041 |a FRA 
082 |a 302. 23509  |b BAR V. 2 
100 |a Bardèche, Maurice  |e (autor) 
240 1 1 |a [Histoire du cinéma] 
245 1 0 |a Histoire du cinéma :  |b le cinéma parlant /  |c M. Bardèche, R. Brasillach. 
264 4 |a París, Francia :  |b Les Sept Couleurs,  |c 1964, c1964 
300 |a 543 p. 
336 |a texto  |b txt  |2 rdacontenido 
337 |a sin mediación  |b n  |2 rdamedio 
338 |a volumen  |b nc  |2 rdasoporte 
440 4 |a (Le Livre de Poche Les Sept Couleurs ;  |v 1221, 1222) 
649 |a XX 
650 |a Cine -  |x Historia y Crítica 
650 |a Medios Audiovisuales 
650 |a Medios de Comunicación 
650 |a Comunicación Visual 
650 |a Comunicación Masiva 
700 |a Brasillach, Robert  |e (autor) 
910 |a Fondo General 
920 |a Impresos - Libros 
930 |a Colección General 
905 |a 101 
901 |a 0198540100  |b IT1  |c ACC  |i 019854  |u 20250521 
902 |a https://opac.biblio.iteso.mx/vufind/Record/000019854